000 01688cam a22003974a 4500
005 20260322212046.0
008 data
010 _a 2003062225
020 _a006053026X
020 _a9780060530266
040 _aDLC
_cDLC
_dDLC
042 _apcc
043 _an-us---
050 0 0 _aHV6570.2
_b.L48 2004
082 0 0 _a362.79/4
_222
092 _a326.79 L48 2004
100 1 _aLew, Mike.
245 1 0 _aVictims no longer :
_bthe classic guide for men recovering from sexual child abuse /
_cMike Lew.
250 _a2nd ed.
260 _aNew York :
_bQuill,
_c2004.
300 _axxxv, 421 p. ;
_c23 cm.
500 _a"This revised edition contains new content, Focuses, and Statements"--Introd.
504 _aIncludes bibliographical references (p. [393]-399) and index.
650 0 _aAdult child sexual abuse victims
_xPsychology.
650 0 _aIncest victims
_xPsychology.
650 0 _aSexually abused boys
_xPsychology.
650 0 _aMale sexual abuse victims
_xPsychology.
650 0 _aSelf-help techniques.
650 0 _aAdult child sexual abuse victims
_zUnited States
_xPsychology.
856 4 2 _3Contributor biographical information
_uhttp://www.loc.gov/catdir/enhancements/fy0910/2003062225-b.html
856 4 2 _3Publisher description
_uhttp://www.loc.gov/catdir/enhancements/fy0910/2003062225-d.html
906 _a7
_bcbc
_corignew
_d1
_eocip
_f20
_gy-gencatlg
925 0 _aacquire
_b2 shelf copies
_xpolicy default
955 _ese40 2003-08-25 to DDC
_fse05 2004-11-03
_gse05 2004-11-03 To BCCD
001 data
999 _c1083
_d1083